| 000 | 00336nam a2200121Ia 4500 | ||
|---|---|---|---|
| 008 | 240624s9999 xx 000 0 und d | ||
| 041 | _aeng | ||
| 082 | _a302.35 TAK | ||
| 100 | _aTAKAHARA YASUHIKO | ||
| 245 | _aORGANIZATION STRUCTURE CYBERNETIC SYSTEM | ||
| 260 |
_c2003 _aNew York _bKluwer Academic/Plenum Publishers |
||
| 365 |
_cERU _b38 |
||
| 999 |
_c28341 _d28341 |
||